000 00786nam a2200229Ia 4500
003 OSt
005 20220918111950.0
006 a|||||r|||| 00| 0
007 ta
008 220915b |||||||| |||| 00| 0 hin d
024 _a170882
037 _cTextbook
040 _bhin
_aARTS
_cARTS
041 _ahin
082 _aO152:2N081:16, K8
100 _aपंत, गोविन्दवल्लभ
245 0 _aअघूरी मूर्ति: कोहेनूर का लुटेरा
246 _aAghūrī mūrti: kohenūr kā luṭerā
260 _aदिल्ली
_bराजकमल प्रकाशन
_c1968
942 _hO152:2N081:16, K8
_cTB
_2CC
999 _c117582
_d117582